Economic development of Assam in the context of North-East juxtaposition and loo (Record no. 13036)

MARC details
000 -LEADER
fixed length control field 00400nam a2200121Ia 4500
082 ## - DEWEY DECIMAL CLASSIFICATION NUMBER
Classification number 338.900954162 NAT-E
100 ## - MAIN ENTRY--AUTHOR NAME
Personal name Krishna Kanta Handiqui State O
245 #0 - TITLE STATEMENT
Title Economic development of Assam in the context of North-East juxtaposition and loo
260 ## - PUBLICATION, DISTRIBUTION, ETC. (IMPRINT)
Place of publication Guwahati
Name of publisher Krishna Kanta Handiqui State Open Univer
Year of publication 2010
300 ## - PHYSICAL DESCRIPTION
Number of Pages 148
942 ## - ADDED ENTRY ELEMENTS (KOHA)
Koha item type Books
Holdings
Withdrawn status Lost status Damaged status Not for loan Home library Current library Date acquired Source of acquisition Bill Date Full call number Accession Number Price effective from Koha item type
        NASSDOC Library NASSDOC Library 06/05/2011 Gifted by : IC Division 2011-05-02 338.900954162 NAT-E 47270 18/04/2019 Books